000 00362 a2200109 4500
001 ART_19036
005 20260410161910.0
008 260409a
245 1 0 _aUso de los costos con fines decisorios en industrias de producción conjunta
100 1 _aCascarini, Daniel C.
773 0 _tCostos y gestión
_g- Año I, Nº 1 (sep. 1991)
_wREV12786
999 _c26688
_d26688